| 000 | 00391nam a22001337a 4500 | ||
|---|---|---|---|
| 040 | _cRUA | ||
| 082 | _aAGI MAC B512 2015 Or. | ||
| 100 | _aMACH VANNA; ម៉ាច វណ្ណា | ||
| 245 | _aProcessing of sapodilla jam; ការកែច្នៃជេមល្មុត | ||
| 260 |
_aPhnom Penh _bRUA _c2015 |
||
| 300 |
_aviii; 35p; _bill; _c29cm |
||
| 856 | _uMACH VANNA | ||
| 942 | _cAGI | ||
| 999 |
_c10382 _d10382 |
||